Methods of Social work: A focus on Kenya / (Record no. 4412)
| 000 -LEADER | |
|---|---|
| fixed length control field | 00877cam a2200265 a 4500 |
| 001 - CONTROL NUMBER | |
| control field | 15041835 |
| 003 - CONTROL NUMBER IDENTIFIER | |
| control field | OSt |
| 005 - DATE AND TIME OF LATEST TRANSACTION | |
| control field | 20250722103553.0 |
| 008 - FIXED-LENGTH DATA ELEMENTS--GENERAL INFORMATION | |
| fixed length control field | 071012s2008 enka b 001 0 eng |
| 010 ## - LIBRARY OF CONGRESS CONTROL NUMBER | |
| LC control number | 2007041772 |
| 020 ## - INTERNATIONAL STANDARD BOOK NUMBER | |
| International Standard Book Number | 9788891868793 |
| 035 ## - SYSTEM CONTROL NUMBER | |
| System control number | 15041835 |
| 035 ## - SYSTEM CONTROL NUMBER | |
| System control number | (OCoLC)174138874 |
| 040 ## - CATALOGING SOURCE | |
| Original cataloging agency | DLC |
| Language of cataloging | eng |
| Transcribing agency | DLC |
| Modifying agency | YDX |
| -- | BAKER |
| -- | YDXCP |
| -- | BTCTA |
| -- | CDX |
| -- | UKM |
| -- | N5L |
| -- | OCLCQ |
| -- | DLC |
| 050 00 - LIBRARY OF CONGRESS CALL NUMBER | |
| Classification number | HV40.N35 2023 |
| 100 ## - MAIN ENTRY--PERSONAL NAME | |
| Personal name | Randall, N. Njoki |
| 245 00 - TITLE STATEMENT | |
| Title | Methods of Social work: A focus on Kenya / |
| Statement of responsibility, etc | Njoki, Ndiba Randall |
| 260 ## - PUBLICATION, DISTRIBUTION, ETC. (IMPRINT) | |
| Place of publication, distribution, etc | Nairobi ; |
| Name of publisher, distributor, etc | Notion Press, |
| Date of publication, distribution, etc | 2023. |
| 300 ## - PHYSICAL DESCRIPTION | |
| Extent | 217 p : |
| Dimensions | 24 cm. |
| 650 #0 - SUBJECT ADDED ENTRY--TOPICAL TERM | |
| Topical term or geographic name as entry element | Social service. |
| 906 ## - LOCAL DATA ELEMENT F, LDF (RLIN) | |
| a | 7 |
| b | cbc |
| c | orignew |
| d | 1 |
| e | ecip |
| f | 20 |
| g | y-gencatlg |
| 942 ## - ADDED ENTRY ELEMENTS (KOHA) | |
| Source of classification or shelving scheme | |
| Koha item type | Book |
| Withdrawn status | Lost status | Source of classification or shelving scheme | Damaged status | Not for loan | Home library | Current library | Shelving location | Date acquired | Total Checkouts | Full call number | Barcode | Date last seen | Copy number | Price effective from | Koha item type |
|---|---|---|---|---|---|---|---|---|---|---|---|---|---|---|---|
| Riara University Library | Riara University Library | General stack | 22/07/2025 | HV40.N35 2023 | 10801/25 | 22/07/2025 | C.1 | 22/07/2025 | Book |
